FIVB Volleyball Men's World Championship Top 4 Positions - Statistics

General Stats
  • This quiz has been taken 405 times
    335 since last reset
  • The average score is 18 of 21
Answer Stats
Winner % Correct
Brazil
99%
Poland
99%
France
98%
Italy
98%
United States
96%
Japan
95%
Argentina
94%
Germany
93%
Russia
92%
Soviet Union
91%
Bulgaria
88%
Serbia
85%
Serbia and Montenegro
85%
Slovenia
85%
Czechoslovakia
79%
Cuba
78%
Netherlands
77%
FR Yugoslavia
71%
Romania
67%
East Germany
63%
South Korea
58%
No matching quizzes found
Score Distribution
Percent of People with Each Score
Percentile by Number Answered
Your Score History
You have not taken this quiz since the last reset